Statistics for NBA Players from Purdue

Click here to take the quiz!

General Stats

  • This quiz has been taken 9 times
  • The average score is 8 of 34

Answer Stats

PositionPlayerDraft Year% Correct
FCJaJuan Johnson2011
100%
PGCarsen Edwards2019
88%
SFVince Edwards2018
88%
SFGlenn Robinson1994
88%
SGE'Twaun Moore2011
75%
PFBrian Cardinal2000
75%
CCaleb Swanigan2017
63%
FRobbie Hummel2012
63%
CBrad Miller1998
50%
FCJoe Barry Carroll1980
38%
CA.J. Hammons2016
38%
GFCuonzo Martin1995
38%
FCarl Landry2007
25%
GFDoug Lee1987
13%
FMel McCants1989
0%
FJimmy Oliver1991
0%
FSteve Scheffler1990
0%
GFJake WeberN/A
0%
FTodd Mitchell1988
0%
GFPaul Hoffman1947
0%
FCJim Rowinski1984
0%
CRussell Cross1983
0%
GKeith Edmondson1982
0%
GKyle Macy1979
0%
GJerry Sichting1979
0%
FWalter Jordan1978
0%
CTom Scheffler1977
0%
SFFrank Kendrick1974
0%
GHerm Gilliam1968
0%
PGDave Schellhase1966
0%
GFTerry Dischinger1962
0%
SGCarl McNulty1952
0%
GBulbs Ehler1947
0%
GEverette Stephens1988
0%

Score Distribution

Percentile by Number Answered

Percent of People with Each Score

Your Score History

You have not taken this quiz